000 00656nam a2200181Ia 4500
008 100920s9999 xx 000 0 und d
082 _b88363
_a930 थ 28
100 _aराजवाडे विश्वनाथ काशिनाथ.
245 _aऎतिहासिक प्रस्तावना.
260 _bजोशी शंकर नरहर.
_c1928
300 _a401
_bसाधी
365 _b3
520 _aइतिहास.
630 _aऎतिहासिक प्रस्तावना.
650 _aइतिहास.
730 _aऎतिहासिक प्रस्तावना.
942 _cBOOK
999 _c728868
_d728865